documenta documenta1/ (Record no. 3980)

MARC details
000 -LEADER
campo de control de longitud fija 01201nam a22003737a 4500
003 - IDENTIFICADOR DE NÚMERO DE CONTROL
campo de control OSt
005 - FECHA Y HORA DE LA ÚLTIMA TRANSACCIÓN
campo de control 20230706092339.0
008 - DATOS DE LONGITUD FIJA--INFORMACIÓN GENERAL
campo de control de longitud fija 170318s2016 gt||||| |||| 00| 0 spa d
020 ## - NÚMERO INTERNACIONAL ESTÁNDAR DEL LIBRO
Número Internacional Estándar del Libro 3-89322-826-8
040 ## - FUENTE DE CATALOGACIÓN
Centro/agencia transcriptor Lado V
082 04 - NÚMERO DE LA CLASIFICACIÓN DECIMAL DEWEY
Número de clasificación 700
Número de ítem P314c
110 ## - ENTRADA PRINCIPAL--NOMBRE DE ENTIDAD CORPORATIVA
9 (RLIN) 865
Nombre de entidad corporativa o nombre de jurisdicción como elemento de entrada documenta GmbH
Término indicativo de función/relación editor
245 10 - MENCIÓN DEL TÍTULO
Título documenta documenta1/
260 ## - PUBLICACIÓN, DISTRIBUCIÓN, ETC.
Nombre del editor, distribuidor, etc. Cantaz Verlag
Fecha de publicación, distribución, etc. 1996
Lugar de publicación, distribución, etc. Alemania
300 ## - DESCRIPCIÓN FÍSICA
Extensión 68p.
Dimensiones 24x29cm
490 ## - MENCIÓN DE SERIE
Mención de serie 1
Designación de volumen o secuencia 1996
505 ## - NOTA DE CONTENIDO CON FORMATO
Nota de contenido con formato Editorial
505 ## - NOTA DE CONTENIDO CON FORMATO
Nota de contenido con formato Echoing Solitude
505 ## - NOTA DE CONTENIDO CON FORMATO
Nota de contenido con formato The Sea of Ulysses
505 ## - NOTA DE CONTENIDO CON FORMATO
Nota de contenido con formato Das Echo der Einsamkeit
505 ## - NOTA DE CONTENIDO CON FORMATO
Nota de contenido con formato Das Meer des Odysseus
505 ## - NOTA DE CONTENIDO CON FORMATO
Nota de contenido con formato The Free Use of the Proper
505 ## - NOTA DE CONTENIDO CON FORMATO
Nota de contenido con formato Der Freie Gebrauch des Eigenen
505 ## - NOTA DE CONTENIDO CON FORMATO
Nota de contenido con formato Documenta Itinerary
505 ## - NOTA DE CONTENIDO CON FORMATO
Nota de contenido con formato The Dark Spot of Art
505 ## - NOTA DE CONTENIDO CON FORMATO
Nota de contenido con formato Der blinde Fleck der Kunst
650 ## - PUNTO DE ACCESO ADICIONAL DE MATERIA--TÉRMINO DE MATERIA
Fuente del encabezamiento o término Tesauro de Arte & Arquitectura
Término de materia o nombre geográfico como elemento de entrada ARTE
650 ## - PUNTO DE ACCESO ADICIONAL DE MATERIA--TÉRMINO DE MATERIA
Fuente del encabezamiento o término Tesauro de Arte & Arquitectura
Término de materia o nombre geográfico como elemento de entrada ARTE VISUAL
650 ## - PUNTO DE ACCESO ADICIONAL DE MATERIA--TÉRMINO DE MATERIA
Fuente del encabezamiento o término Tesauro de Arte & Arquitectura
Término de materia o nombre geográfico como elemento de entrada ARTE CONTEMPORANEO
650 ## - PUNTO DE ACCESO ADICIONAL DE MATERIA--TÉRMINO DE MATERIA
Fuente del encabezamiento o término Tesauro de Arte & Arquitectura
Término de materia o nombre geográfico como elemento de entrada ANALISIS
650 ## - PUNTO DE ACCESO ADICIONAL DE MATERIA--TÉRMINO DE MATERIA
Fuente del encabezamiento o término Tesauro de Arte & Arquitectura
Término de materia o nombre geográfico como elemento de entrada CRITICA
700 1# - ENTRADA AGREGADA--NOMBRE PERSONAL
Nombre de persona Svankmajer.
Término indicativo de función/relación ilustrador.
9 (RLIN) 5749
942 ## - ELEMENTOS DE ENTRADA SECUNDARIOS (KOHA)
Fuente del sistema de clasificación o colocación Clasificación Decimal Dewey
Tipo de ítem Koha Libros
Parte de la signatura que corresponde a la clasificación (Parte de la clasificación) 701.18
Parte de la signatura que identifica el ejemplar (Parte del ítem) D637d
Suprimir en OPAC No
Holdings
Estatus retirado Estado de pérdida Fuente del sistema de clasificación o colocación Especificación de materiales (volumen encuadernado u otra parte) Estado de daño No para préstamo Colección Biblioteca de origen Biblioteca actual Fecha de adquisición Enumeración/cronología de publicación seriada Número de inventario Total de préstamos Signatura topográfica completa Código de barras Visto por última vez Precio de reemplazo Tipo de ítem Koha
    Clasificación Decimal Dewey 1996     Revistas Biblioteca LadoV Biblioteca LadoV 06/07/2023 1 003605   701.18 D637d 003605 06/07/2023 06/07/2023 Libros